<?xml version="1.0" encoding="UTF-8"?>
<collection xmlns="http://www.loc.gov/MARC21/slim">
<record>
  <controlfield tag="001">128593</controlfield>
  <controlfield tag="005">20231213131032.0</controlfield>
  <datafield tag="037" ind1=" " ind2=" ">
    <subfield code="a">TAZ-TFM-2023-904</subfield>
  </datafield>
  <datafield tag="041" ind1=" " ind2=" ">
    <subfield code="a">spa</subfield>
  </datafield>
  <datafield tag="100" ind1="1" ind2=" ">
    <subfield code="a">Heras Cruz, Soledad</subfield>
  </datafield>
  <datafield tag="242" ind1="0" ind2="0">
    <subfield code="a">Pilot implementation of psychological preparation of Children undergoing Surgery</subfield>
  </datafield>
  <datafield tag="245" ind1="0" ind2="0">
    <subfield code="a">Programa piloto de preparación psicológica para la Cirugía Infantil</subfield>
  </datafield>
  <datafield tag="260" ind1=" " ind2=" ">
    <subfield code="a">Zaragoza</subfield>
    <subfield code="b">Universidad de Zaragoza</subfield>
    <subfield code="c">2023</subfield>
  </datafield>
  <datafield tag="506" ind1=" " ind2=" ">
    <subfield code="a">by-nc-sa</subfield>
    <subfield code="b">Creative Commons</subfield>
    <subfield code="c">3.0</subfield>
    <subfield code="u">http://creativecommons.org/licenses/by-nc-sa/3.0/</subfield>
  </datafield>
  <datafield tag="520" ind1=" " ind2=" ">
    <subfield code="a">Introducción: &lt;br />El estado psicológico de un paciente antes de la cirugía puede tener un &lt;br />impacto significativo en su recuperación. Esto es especialmente &lt;br />relevante en el caso de los niños, ya que sus emociones y ansiedades &lt;br />pueden ser influenciadas por las de sus padres.&lt;br />Objetivos: &lt;br />La intervención psicológica en el contexto quirúrgico busca reducir el &lt;br />estrés y la ansiedad proporcionando apoyo emocional. El objetivo es &lt;br />implantar el protocolo denominado "Preparación Psicológica para la &lt;br />Cirugía Infantil", con el fin de evaluar su validez y beneficios. Como &lt;br />objetivos secundarios se pretende comparar la ansiedad en padres y &lt;br />niños, examinando la relación entre ambos y analizar la correlación &lt;br />entre las escalas de ansiedad. &lt;br />Materiales y métodos:&lt;br />Estudio experimental de validación del protocolo realizado a una &lt;br />muestra de 43 niños de 3 a 12 años intervenidos quirúrgicamente en el &lt;br />Hospital Universitario Virgen Macarena de Sevilla y a sus progenitores &lt;br />acompañantes. Se establecieron criterios de inclusión y exclusión para &lt;br />la selección de los participantes. Se recopilaron datos demográficos y &lt;br />clínicos, así como medidas de ansiedad utilizando las escalas MYPAS, &lt;br />ICC y EVA.&lt;br />Resultados:&lt;br />El resultado muestra diferencias significativas entre ansiedad del grupo &lt;br />intervención y el grupo control, tanto en niños como en padres. El &lt;br />índice de correlación intraclase obtenido fue ICC-MYPAS r= 0,414; &lt;br />ICC-EVA r=0,352; MYPAS-EVA r=0,657. &lt;br />Conclusiones:&lt;br />La implementación de un programa de preparación psicológica tiene &lt;br />beneficios en la reducción de la ansiedad y hace que la experiencia &lt;br />quirúrgica sea más positiva. La ansiedad de los padres se relaciona &lt;br />con la ansiedad de los niños, por lo que es crucial brindarles apoyo &lt;br />emocional. Los cuentos ilustrados son una herramienta efectiva para &lt;br />ayudar a los niños a comprender y enfrentar la cirugía.&lt;br />&lt;br /></subfield>
  </datafield>
  <datafield tag="521" ind1=" " ind2=" ">
    <subfield code="a">Máster Universitario en Condicionantes Genéticos, Nutricionales y Ambientales del Crecimiento y Desarrollo</subfield>
  </datafield>
  <datafield tag="540" ind1=" " ind2=" ">
    <subfield code="a">Derechos regulados por licencia Creative Commons</subfield>
  </datafield>
  <datafield tag="700" ind1=" " ind2=" ">
    <subfield code="a">Samper Villagrasa, María Pilar</subfield>
    <subfield code="e">dir.</subfield>
  </datafield>
  <datafield tag="700" ind1=" " ind2=" ">
    <subfield code="a">Fernández Torres, Bartolomé</subfield>
    <subfield code="e">dir.</subfield>
  </datafield>
  <datafield tag="710" ind1="2" ind2=" ">
    <subfield code="a">Universidad de Zaragoza</subfield>
    <subfield code="b"> </subfield>
    <subfield code="c"></subfield>
  </datafield>
  <datafield tag="856" ind1="0" ind2=" ">
    <subfield code="f">682288@unizar.es</subfield>
  </datafield>
  <datafield tag="856" ind1="4" ind2=" ">
    <subfield code="s">1784429</subfield>
    <subfield code="u">http://zaguan.unizar.es/record/128593/files/TAZ-TFM-2023-904_ANE.pdf</subfield>
    <subfield code="y">Anexos (spa)</subfield>
  </datafield>
  <datafield tag="856" ind1="4" ind2=" ">
    <subfield code="s">2533968</subfield>
    <subfield code="u">http://zaguan.unizar.es/record/128593/files/TAZ-TFM-2023-904.pdf</subfield>
    <subfield code="y">Memoria (spa)</subfield>
  </datafield>
  <datafield tag="909" ind1="C" ind2="O">
    <subfield code="o">oai:zaguan.unizar.es:128593</subfield>
    <subfield code="p">driver</subfield>
    <subfield code="p">trabajos-fin-master</subfield>
  </datafield>
  <datafield tag="950" ind1=" " ind2=" ">
    <subfield code="a"></subfield>
  </datafield>
  <datafield tag="980" ind1=" " ind2=" ">
    <subfield code="a">TAZ</subfield>
    <subfield code="b">TFM</subfield>
    <subfield code="c">MED</subfield>
  </datafield>
  <datafield tag="999" ind1=" " ind2=" ">
    <subfield code="a">20230830125824.CREATION_DATE</subfield>
  </datafield>
  <datafield tag="951" ind1=" " ind2=" ">
    <subfield code="a">deposita:2023-12-13</subfield>
  </datafield>
</record>
</collection>